| 000 -ლიდერი |
| ფიქსირებული სიგრძის საკონტროლო ველი |
01535nam a2200277Ia 4500 |
| 001 - საკონტროლო ნომერი |
| საკონტროლო ველი |
8265 |
| 003 - საკონტროლო ნომრის იდენტიფიკატორი |
| საკონტროლო ველი |
GE_BSU |
| 005 - ბოლო ოპერაციის თარიღი და დრო |
| საკონტროლო ველი |
20240424161826.0 |
| 008 - ფიქსირებული სიგრძის მონაცემთა ელემენტები - ზოგადი ინფორმაცია |
| ფიქსირებული სიგრძის საკონტროლო ველი |
181216s2013||||ge |||||||||||||| ||geo|| |
| 020 ## - წიგნის საერთაშორისო სტანდარტული ნომერი |
| International Standard Book Number |
9789941933639 |
| 040 ## - კატალოგიზაციის წყარო |
| Transcribing agency |
GE_BSU |
| 041 ## - ენის კოდი |
| Language code of text/sound track or separate title |
geo |
| 080 ## - უნივერსალური ათობითი კლასიფიკაციის ინდექსი |
| Universal Decimal Classification number |
94(479.223) უ-28 |
| 100 ## - მთავარი ჩანაწერი - პიროვნების სახელი |
| Personal name |
უზუნაძე, რევაზ |
| 9 (RLIN) |
2427 |
| 245 ## - ცნობა სათაურის შესახებ |
| Title |
ბათუმი (ისტორია და თანამედროვეობა) / |
| Statement of responsibility, etc |
რევაზ უზუნაძე, რამაზ სურმანიძე, ნუგზარ ზოსიძე ; რედ. ამირან კახიძე. |
| 264 ## - წარმოების, გამოცემის, დისტრიბუციის და სხვა ცნობები |
| გამოცემის, წარმოების, დისტრიბუციის... ადგილი |
თბილისი : |
| გამოცემის, წარმოების, დისტრიბუციის... სახელწოდება |
ივერიონი, |
| გამოცემის, წარმოების, დისტრიბუციის... თარიღი |
2013. |
| 300 ## - ფიზიკური აღწერა |
| Extent |
221 გვ. : |
| Other physical details |
ილუსტ.; |
| Dimensions |
30 სმ. |
| 500 ## - ზოგადი შენიშვნა |
| General note |
ეძღვნება აჭარის დედასაქართველოსთან დაბრუნების 135 წლისთავს (1878-2013) |
| 504 ## - BIBLIOGRAPHY, ETC. NOTE |
| Bibliography, etc |
ბიბლიოგრაფია : გვ.221-228 |
| 546 ## - LANGUAGE NOTE |
| Language note |
ტექსტი ქართულ, ინგლისურ და რუსულ ენებზე |
| 653 ## - INDEX TERM--UNCONTROLLED |
| Uncontrolled term |
ბათუმი (ისტორია და თანამედროვეობა) |
| 700 ## - ADDED ENTRY--PERSONAL NAME |
| Personal name |
სურმაბიძე, რამაზ |
| Relator term |
ავტორი |
| 9 (RLIN) |
21919 |
| 700 ## - ADDED ENTRY--PERSONAL NAME |
| Personal name |
ზოსიძე, ნუგზარ |
| Relator term |
ავტორი |
| 9 (RLIN) |
3940 |
| 700 ## - ADDED ENTRY--PERSONAL NAME |
| Personal name |
კახიძე, ამირან |
| Relator term |
რედაქტორი |
| 9 (RLIN) |
21920 |
| 942 ## - ADDED ENTRY ELEMENTS (KOHA) |
| Koha item type |
წიგნი |
| Source of classification or shelving scheme |
|